Marketing management : (Record no. 1677)
[ view plain ]
| 000 -LEADER | |
|---|---|
| fixed length control field | 00703nam a22002172 4500 |
| 001 - CONTROL NUMBER | |
| control field | 0000021103 |
| 005 - DATE AND TIME OF LATEST TRANSACTION | |
| control field | 20151021152607.0 |
| 008 - FIXED-LENGTH DATA ELEMENTS--GENERAL INFORMATION | |
| fixed length control field | 120111s xx 000 0 eng d |
| 020 ## - INTERNATIONAL STANDARD BOOK NUMBER | |
| International Standard Book Number | 8182091004 : |
| 040 ## - CATALOGING SOURCE | |
| Original cataloging agency | KABU |
| Transcribing agency | KABU |
| 245 10 - TITLE STATEMENT | |
| Title | Marketing management : |
| Remainder of title | international perspectives / |
| Statement of responsibility, etc. | edited by M. S. Raju, Dominique Xardel. |
| 250 ## - EDITION STATEMENT | |
| Edition statement | 1st ed. |
| 260 ## - PUBLICATION, DISTRIBUTION, ETC. (IMPRINT) | |
| Place of publication, distribution, etc. | Chennai, India : |
| Name of publisher, distributor, etc. | P. K. Madhavan, |
| Date of publication, distribution, etc. | 2006. |
| 300 ## - PHYSICAL DESCRIPTION | |
| Extent | xxi, 431 p. |
| 650 #0 - SUBJECT ADDED ENTRY--TOPICAL TERM | |
| Topical term or geographic name as entry element | Marketing |
| General subdivision | Management. |
| -- | 0000150912 |
| 700 1# - ADDED ENTRY--PERSONAL NAME | |
| Personal name | Raju, M. S. |
| -- | 0000156738 |
| 700 1# - ADDED ENTRY--PERSONAL NAME | |
| Personal name | Xardel, Dominique. |
| -- | 0000181786 |
| 852 1# - LOCATION | |
| -- | p1385 KES |
| 908 ## - PUT COMMAND PARAMETER (RLIN) | |
| Put command parameter | 120111 |
| 950 ## - LOCAL HOLDINGS (RLIN) | |
| -- | 1 |
| Withdrawn status | Lost status | Source of classification or shelving scheme | Not for loan | Home library | Current library | Date acquired | Total Checkouts | Full call number | Barcode | Date last seen | Price effective from | Koha item type |
|---|---|---|---|---|---|---|---|---|---|---|---|---|
| Library of Congress Classification | Kabarak, Main Campus | Kabarak, Main Campus | 21/10/2015 | HF5415.13 .M37 2006 c. 1 | 20416 | 21/10/2015 | 21/10/2015 | General Collection |